000
00302nam a22001337a 4500
008
171024b xxu||||| |||| 00| 0 eng d
020
_a
087484813
041
_a
eng
080
_a
311
100
_a
55
101
_a
STA
245
_a
STATISTICS FOR BEHAVIOR SCIENCES
_c
THORNE.B.M
942
_2
udc
_c
BK
999
_c
35729
_d
35729